000 01679cam a22003734a 4500
001 13852313
003 OSt
005 20230921100738.0
008 050127s2005 enkab b 001 0 eng
010 _a 2005002416
015 _aGBA545085
_2bnb
020 _a0415331196 (hbk.)
020 _a9780415331197 (hbk.)
020 _a041533120X (pbk.)
020 _a9780415331203 (pbk.)
035 _a(OCoLC)57531564
040 _aDLC
_cDLC
_dUKM
_dBAKER
_dBWKUK
_dNLGGC
_dYUS
_dCOO
_dYDXCP
_dOCLCQ
_dBTCTA
_dLVB
_dDLC
042 _apcc
050 0 0 _aGN25
_b.M47 2005
082 0 0 _a301
_bMET/A
084 _a73.00
_2bcl
100 1 _aMetcalf, Peter
_99544
245 1 0 _aAnthropology :
_bthe basics /
_cPeter Metcalf.
260 _aAbingdon [England] ;
_aNew York :
_bRoutledge,
_c2005.
300 _avii, 215 p. :
_bill., maps ;
_c21 cm.
504 _aIncludes bibliographical references (p. [207]-212) and index.
505 0 _aEncountering cultural difference -- Misunderstanding cultural difference -- Social do's and don'ts -- African political systems -- Anthropology, history, and imperialism -- Culture and language -- Culture and nature -- The end of the tribes -- Culture and the individual -- Critical anthropology.
650 0 _aAnthropology.
856 4 1 _3Table of contents
_uhttp://www.loc.gov/catdir/toc/ecip057/2005002416.html
856 4 2 _3Publisher description
_uhttp://www.loc.gov/catdir/enhancements/fy0710/2005002416-d.html
906 _a7
_bcbc
_corignew
_d1
_eecip
_f20
_gy-gencatlg
942 _2ddc
_cBK
_h301
_iMET/A
_k301
_mMET/A
999 _c42251
_d42251